000 00382 a2200157 4500
001 75112
020 _a9788541801270
040 _cAnchieta - Colégio São Paulo
100 _aTaboada, Roberta
240 1 0 _aAprender juntos matemática, 3º ano
_lpor
245 1 0 _aAprender juntos matemática, 3º ano
300 _a279
362 0 _a2013
650 4 _aMatemática
942 _cBK
999 _c75112
_d75112